Catalogo illustrado da Exposiçao retrospectiva de Arte ornamental portugueza e hespanhola celebrada em Lisboa em 1882. (Record no. 184852)
[ view plain ]
| 000 -LEADER | |
|---|---|
| campo de control de longitud fija | 00781nam a2200181 i 4500 |
| 001 - NÚMERO DE CONTROL | |
| campo de control | 184852 |
| 003 - IDENTIFICADOR DE NÚMERO DE CONTROL | |
| campo de control | ES-MaACL |
| 005 - FECHA Y HORA DE LA ÚLTIMA TRANSACCIÓN | |
| campo de control | 20250812082610.0 |
| 008 - DATOS DE LONGITUD FIJA--INFORMACIÓN GENERAL | |
| campo de control de longitud fija | 160205s1882 po a |||| | por d |
| 111 2# - ENTRADA PRINCIPAL--NOMBRE DE CONGRESO/REUNIÓN | |
| Nombre de congreso/reunión o jurisdicción como elemento de entrada | Exposição Retrospectiva de Arte Ornamental Portugueza e Hespanhola ( |
| Fecha del congreso o de la firma del tratado | 1882. |
| Sede del congreso/Lugar de la reunión | Lisboa) |
| 9 (RLIN) | 135158 |
| 245 10 - MENCIÓN DEL TÍTULO | |
| Título | Catalogo illustrado da Exposiçao retrospectiva de Arte ornamental portugueza e hespanhola celebrada em Lisboa em 1882. |
| 260 ## - PUBLICACIÓN, DISTRIBUCIÓN, ETC. | |
| Lugar de publicación, distribución, etc. | Lisboa : |
| Nombre del editor, distribuidor, etc. | [s.n.], |
| Fecha de publicación, distribución, etc. | 1882 ( |
| Fabricante | Imp. Nacional) |
| 300 ## - DESCRIPCIÓN FÍSICA | |
| Extensión | 1 vol. ; |
| Dimensiones | 23 cm. |
| 505 8# - NOTA DE CONTENIDO CON FORMATO | |
| Nota de contenido con formato | Contiene con numeración facticia [I]. Texto.- XVI + 350 pág |
| 650 #7 - PUNTO DE ACCESO ADICIONAL DE MATERIA--TÉRMINO DE MATERIA | |
| Término de materia o nombre geográfico como elemento de entrada | Artes decorativas |
| Fuente del encabezamiento o término | embne |
| 9 (RLIN) | 135625 |
| 852 ## - LOCALIZACIÓN | |
| Ubicación | ES-MaACL |
| Número de control de estantería | G-8707 |
| Nota libre | .- Donat. José Ramón Mélida, en anotación manuscrita |
| Estatus retirado | Estado de pérdida | Estado de daño | No para préstamo | Colección | Biblioteca de origen | Biblioteca actual | Ubicación en estantería | Fecha de adquisición | Fuente de adquisición | Total de préstamos | Signatura topográfica completa | Código de barras | Visto por última vez | Precio de reemplazo | Tipo de ítem Koha |
|---|---|---|---|---|---|---|---|---|---|---|---|---|---|---|---|
| Libros del s. XIX | Biblioteca del Ateneo de Madrid | Biblioteca del Ateneo de Madrid | Sala Pecera Planta 3 | 05/02/2016 | G-8707 | 1194680 | 23/02/2023 | 23/02/2023 | Libro impreso antiguo |
